000
00304nam a22001337a 4500
008
210226b ||||| |||| 00| 0 eng d
020
_a
0815165765
041
_a
eng
080
_a
618
100
_a
10
101
_a
GJIN
245
_a
Common Problems in Obstetric Anesthesia
_c
Datta,S
942
_2
udc
_c
BK
999
_c
55299
_d
55299